000 01600cam a22003011 4500
001 hew64000127
003 DLC
005 20260227111513.0
008 760512s1964 dcu b 000 0 eng
010 _ahew64000127
035 _a(OCoLC)2171141
040 _aDLC
_cPCoR
_dOCoLC
_dDLC
050 0 0 _aL111
_b.A6 1964, no. 36
100 1 _aSchult, Veryl,
_d1906-
245 1 0 _aInservice mathematics education:
_bpromising practices for elementary and secondary school teachers,
_cprepared by Veryl Schult and Theodore L. Abell.
260 _a[Washington]
_bU.S. Dept. of Health, Education, and Welfare, Office of Education; [for sale by the Superintendent of Documents, U.S. Govt. Print. Off.,
_c1964]
300 _avi, 129 p.
_c24 cm.
490 1 _aUnited States. Office of Education. Bulletin,
_v1964, no. 36
500 _a"OE-29056."
500 _a"Report of a conference held under the joint auspices of the U. S. Office of Education and the National Council of Teachers of Mathematics, Washington, D. C., March 7-8, 1963."
501 _aCopies 1 and 2 with: Education in Peru / Adela R. Freeburger and Charles E. Hauch. Washington : U.S. Dept. of Health, Education, and Welfare, Office of Education, 1964. Bound together subsequent to publication.
_5DLC
504 _aBibliography: p. 125-129
650 0 _aMathematics teachers
_xTraining of.
700 1 _aAbell, Theodore Lee,
_d1907-
_ejoint author.
710 1 _aUnited States.
_bOffice of Education.
710 2 _aNational Council of Teachers of Mathematics.
830 0 _aBulletin (United States. Office of Education) ;
_v1964, no. 36.
999 _c34507
_d34507